00546nam a2200193 a 450000500170000000800410001702000180005805000240007610000200010024500480012025000120016826000380018030000300021852100090024865000290025765000260028670000170031270000230032920140310183413.0070914s19uu xx 00 eng d a9780071254274 aHD 58.6b.L487 2007 aLewicki, Roy J. aEssentials of negotiation /cRoy J. Lewicki a4th ed. aU.S.A :bMcGraw-Hill, Inc,c2007. a294 p. :bill. ;c23 cm.  aBSBA aNegotiation in business. aPersonnel management. aBarry, Bruce aSaunders, David M.